| 000 | 00872nam a2200241Ia 4500 | ||
|---|---|---|---|
| 008 | 130821s2010 xxu gr eng | ||
| 020 | _a9781576759776 | ||
| 040 |
_aCo-BoUCM _bspa |
||
| 041 | 0 | 0 | _aeng |
| 245 | 0 | 0 |
_aLeadership and self-deception getting out of the box _cThe Arbinger Institute |
| 250 | _a2nd ed. | ||
| 260 |
_aSan Francisco (California, Estados Unidos) _bBerrett-Koehler Publishers _c2010 |
||
| 300 | _axiii, 199 páginas. | ||
| 490 | 0 | _aA B-K Life Book | |
| 500 | _aIncluye índice general. | ||
| 650 | 0 | 4 |
_aAdministración de empresas _9435 |
| 650 | 0 | 4 |
_aAdministración de personal _98562 |
| 650 | 0 | 4 |
_aÉxito en los negocios _915417 |
| 650 | 0 | 4 |
_aLiderazgo _vAnécdotas, chistes, sátiras, etc. _918533 |
| 710 | 2 |
_aThe Arbinger Institute _986885 |
|
| 942 |
_cLIBRO _a16 _e2 _mA666L _2DEWEY _h658.4092 |
||
| 999 |
_c64663 _d64663 |
||